Vista normal
Vista MARC
Entrada Personal Name
Número de registros utilizados en: 1
001 - CONTROL NUMBER
- control field: 6880
003 - CONTROL NUMBER IDENTIFIER
- control field: OSt
005 - DATE AND TIME OF LATEST TRANSACTION
- control field: 20200708151815.0
008 - FIXED-LENGTH DATA ELEMENTS
- fixed length control field: 200708|| aca||aabn | a|a d
040 ## - CATALOGING SOURCE
- Original cataloging agency: OSt
- Transcribing agency: OSt
100 ## - HEADING--PERSONAL NAME
- Personal name: Meyer, joyce
670 ## - SOURCE DATA FOUND
- Source citation: Work cat.: (OSt): Meyer, joyce, autora, Come la galleta... compra los zapatos: , 2010.